Normal view
MARC view
- Stonehill, Arthur I.
Entry Nombre personal
001 - NÚMERO DE CONTROL
- campo de control: 5863
003 - IDENTIFICADOR DEL NÚMERO DE CONTROL
- campo de control: ES-StUEA
005 - FECHA Y HORA DE LA ÚLTIMA TRANSACCIÓN
- campo de control: 20231114140304.0
008 - DATOS DE LONGITUD FIJA
- campo de control de longitud fija: 231114|| aca||aabn | a|a d
040 ## - FUENTE DE LA CATALOGACIÓN
- Centro catalogador/agencia de origen: ES-StUEA
- Centro/agencia transcriptor: ES-StUEA
100 ## - ENCABEZAMIENTO-NOMBRE DE PERSONA
- Nombre de persona: Stonehill, Arthur I.
670 ## - FUENTE DE DATOS ENCONTRADOS
- Cita de la fuente: Work cat.: (ES-StUEA)0: Eiteman, David K., autor 5862, Multinational business finance / , 2023